Rings, modules and linear algebra
Saved in:
| Main Authors: | , |
|---|---|
| Format: | Bog |
| Sprog: | engelsk |
| Udgivet: |
Londres
Chapman and Hall
1970
|
| Fag: | |
| Tags: |
Tilføj Tag
Ingen Tags, Vær først til at tagge denne postø!
|
MARC
| LEADER | 00000nam a2200000 a 4500 | ||
|---|---|---|---|
| 001 | UCQ9477 | ||
| 003 | CL-VaPUC | ||
| 008 | 990112e19700000UK |||||||||||||||||eng|d | ||
| 082 | 0 | 4 | |a 512.4 |b HAR |2 21 |
| 100 | |a Hartley, Brian |e author |9 424048 | ||
| 700 | 0 | |a Hawkes, T. O |e author |9 424049 | |
| 245 | 1 | 0 | |a Rings, modules and linear algebra |
| 300 | |a 210 p | ||
| 942 | |c BK | ||
| 945 | |d 19990112 00:00:00 |a crobeson | ||
| 260 | |a Londres |b Chapman and Hall |c 1970 | ||
| 650 | 0 | |a Teoría de anillos |9 342207 | |
| 650 | 0 | |a Módulos |9 356144 | |
| 650 | 0 | |a Álgebra lineal |9 260445 | |
| 650 | 7 | |a GRUPOS ABELIANOS |2 CL-VaPUC |9 270300 | |
| 650 | 0 | |a Matrices |9 22 | |
| 583 | |a last modification |c 19990112 00:00:00 |k Rodrigo Vera | ||
| 999 | |c 278479 |d 278477 | ||
| 952 | |0 0 |1 0 |4 0 |6 512_400000000000000_HAR_1970 |7 0 |8 A |9 317060 |a BIBMAT |b BIBMAT |d 2019-11-20 |i 1315080 |o 512.4 HAR 1970 |p 1315080 |r 2025-01-07 |w 2019-11-20 |y BK |k MAT | ||